2022 Year End ATP Top 100 - Statistics

General Stats
  • This quiz has been taken 201 times
  • The average score is 61 of 100
Answer Stats
Rank Country Answer % Correct
1 Spain Carlos Alcaraz
100%
3 Norway Casper Ruud
100%
5 Serbia Novak Djokovic
100%
2 Spain Rafael Nadal
100%
4 Greece Stefanos Tsitsipas
100%
12 Germany Alexander Zverev
98%
7 Russia Daniil Medvedev
98%
8 Russia Andrey Rublev
97%
11 Denmark Holger Rune
97%
9 USA Taylor Fritz
97%
10 Poland Hubert Hurkacz
95%
6 Canada Félix Auger-Aliassime
94%
15 Italy Jannik Sinner
94%
19 USA Frances Tiafoe
93%
16 Italy Matteo Berrettini
92%
24 Australia Alex de Minaur
91%
14 Great Britain Cameron Norrie
91%
28 Bulgaria Grigor Dimitrov
90%
18 Canada Denis Shapovalov
89%
17 Croatia Marin Čilić
89%
21 Spain Roberto Bautista Agut
87%
37 Kazakhstan Alexander Bublik
86%
20 Russia Karen Khachanov
86%
26 Croatia Borna Ćorić
85%
22 Australia Nick Kyrgios
83%
25 Argentina Diego Schwartzman
82%
13 Spain Pablo Carreño Busta
82%
23 Italy Lorenzo Musetti
80%
49 Great Britain Andy Murray
79%
52 France Gaël Monfils
76%
32 USA Tommy Paul
76%
96 USA Ben Shelton
73%
95 Netherlands Tallon Griekspoor
71%
42 Great Britain Jack Draper
70%
45 Italy Lorenzo Sonego
70%
36 Japan Yoshihito Nishioka
70%
80 Serbia Dušan Lajović
69%
30 Argentina Francisco Cerúndolo
69%
53 Belgium David Goffin
67%
55 Italy Fabio Fognini
67%
31 Spain Alejandro Davidovich Fokina
66%
35 Netherlands Botic van de Zandschulp
66%
41 USA John Isner
66%
70 Serbia Laslo Djere
66%
29 Serbia Miomir Kecmanović
66%
27 Great Britain Daniel Evans
65%
81 Czech Republic Jiří Lehečka
64%
87 Hungary Márton Fucsovics
64%
85 Chile Cristian Garín
62%
69 Sweden Mikael Ymer
61%
40 Finland Emil Ruusuvuori
60%
68 France Richard Gasquet
60%
43 Argentina Sebastián Báez
60%
86 France Ugo Humbert
58%
91 Georgia Nikoloz Basilashvili
57%
33 USA Sebastian Korda
57%
59 Russia Aslan Karatsev
56%
46 France Adrian Mannarino
55%
79 Argentina Tomas Martín Etcheverry
53%
82 Portugal João Sousa
52%
38 USA Reilly Opelka
52%
84 Australia Jordan Thompson
51%
93 Australia Thanasi Kokkinakis
51%
99 China Zhizhen Zhang
51%
71 Brazil Thiago Monteiro
50%
100 Chile Alejandro Tabilo
49%
94 Germany Daniel Altmaier
48%
47 USA Brandon Nakashima
45%
73 Belarus Ilya Ivashka
45%
39 Spain Albert Ramos-Viñolas
44%
54 Serbia Filip Krajinović
44%
74 Spain Roberto Carballés Baena
44%
58 Spain Jaume Munar
43%
83 South Korea Soonwoo Kwon
43%
97 Czech Republic Tomáš Macháč
43%
44 France Arthur Rinderknech
42%
67 Colombia Daniel Elahi Galan
42%
61 USA Marcos Giron
41%
92 Japan Taro Daniel
39%
50 Slovakia Alex Molčan
38%
88 Russia Roman Safiullin
38%
98 Canada Vasek Pospisil
38%
63 USA Mackenzie McDonald
37%
51 France Corentin Moutet
36%
62 Spain Pedro Martínez
36%
60 France Benjamin Bonzi
35%
75 Argentina Federico Coria
33%
56 Switzerland Marc-Andrea Huesler
32%
48 USA Jenson Brooksby
29%
64 France Quentin Halys
29%
72 Spain Bernabé Zapata Miralles
26%
66 USA J.J. Wolf
24%
34 USA Maxime Cressy
24%
78 Australia Christopher O'Connell
22%
57 Argentina Pedro Cachín
20%
90 France Gregoire Barrere
18%
89 Argentina Facundo Bagnis
16%
77 Poland Kamil Majchrzak
16%
76 Germany Oscar Otte
16%
65 France Constant Lestienne
13%
No matching quizzes found
Score Distribution
Percent of People with Each Score
Percentile by Number Answered
Your Score History
You have not taken this quiz